000 00582nam a2200217Ia 4500
003 OSt
005 20220924123517.0
006 a|||||r|||| 00| 0
007 ta
008 220923b |||||||| |||| 00| 0 urd d
024 _a314494
037 _cTextual
040 _aARTS
_cARTS
_burd
041 _2urd
_aurd
082 _aO168,1N161x, K2;M2
245 0 _aShameem Karhani
_b Intkhab-e-kalam
260 _aNew Delhi
_b Anjuman Taraqqi Urdu India
_c1982
650 _aURDU POETRY
942 _hO168,1N161x, K2;M2
_cTEXL
_2CC
999 _c416046
_d416046